| 000 | 02128 a2200253 4500 | ||
|---|---|---|---|
| 001 | 49817 | ||
| 005 | 20260407155759.0 | ||
| 008 | 260407a1995 arg spa d | ||
| 003 | AR-UNSa-BCEJYS | ||
| 040 |
_aAR-UNSa-BCEJYS _bspa _cAR-UNSa-BCEJYS |
||
| 080 |
_a504.03 _xAspectos sociales y socioeconómicos del impacto del hombre sobre el medio ambiente. Ecología social ( Economía ambiental) |
||
| 245 | 1 | 0 |
_aEconomía ambiental _puna introducción |
| 020 | _a958-600-419-8 | ||
| 264 | 1 |
_aBogotá : _bMcGraw-Hill _c1995 |
|
| 300 |
_axviii, 587 p. _c23 cm. |
||
| 505 | _aSECCIÓN I: Introductoria: ¿Qué es la economía ambiental? - 2. La economía del ambiente - SECCIÓN II: Herramientas analíticas: 3. Beneficios y costos, oferta y demanda - 4. Eficiencia económica y mercados - 5. La economía de la calidad ambiental - SECCIÓN III: Análisis ambiental: 6. Marco conceptual de análisis - 7. Análisis de costo-beneficio: Beneficios - 8. Análisis de Costo-Beneficio: Costos - SECCIÓN IV: Análisis de la política ambiental: 9. Criterios para evaluar las políticas ambientales - 10. Políticas descentralizadas - 11. Estrategias de regulación directa y control: El caso de los estándares - 12. Estrategias basadas en incentivos: Impuestos y subsidios a las emisiones - 13. Estrategias basadas en incentivos: Permisos negociables de descargas - SECCIÓN V: La política ambiental en EEUU: 14. Política federal para el control de la contaminación de aguas - 15. Política federal para el control de la contaminación del aire - 16. Política federal sobre sustancias tóxicas y peligrosas - 17. Asuntos ambientales a escala estatal y local - SECCIÓN VI: Asuntos ambientales en otros países industrializados - 19. Desarrollo económico y el ambiente - 20. El ambiente global - 21. Acuerdos ambientales internacionales. | ||
| 041 | _aspa | ||
| 942 | _cBK | ||
| 590 | _aniveau_biblio:m niveau_hierar:0 | ||
| 100 | 1 | _aField, Barry C. | |
| 700 | 1 | _aCano, Leonardo | |
| 700 | 1 | _aCárdenas, Juan Camilo | |
| 856 | 4 | 1 |
_uhttps://www.biblioeco.unsa.edu.ar/pmb/images/libros/L128191.jpg _yImagen de portada _qimage/jpeg |
| 999 |
_c4888 _d4888 |
||